Методология выявления информированных трейдеров при торговле рисковыми активами; Физико-технические проблемы в науке, промышленности и медицине

Opis bibliograficzny
Parent link:Физико-технические проблемы в науке, промышленности и медицине.— 2015.— [С. 92-93]
1. autor: Глик Л. А. Людмила Андреевна
Korporacja: Национальный исследовательский Томский политехнический университет (ТПУ) Физико-технический институт (ФТИ) Кафедра высшей математики и математической физики (ВММФ)
Kolejni autorzy: Крицкий О. Л. Олег Леонидович, Трифонов А. Ю. Андрей Юрьевич
Streszczenie:Заглавие с титульного экрана
Język:rosyjski
Wydane: 2015
Seria:Математическое моделирование в фундаментальных и прикладных исследованиях
Hasła przedmiotowe:
Dostęp online:http://earchive.tpu.ru/handle/11683/17605
http://www.lib.tpu.ru/fulltext/c/2015/C49/068.pdf
Format: Elektroniczne Rozdział
KOHA link:https://koha.lib.tpu.ru/cgi-bin/koha/opac-detail.pl?biblionumber=612671

MARC

LEADER 00000naa2a2200000 4500
001 612671
005 20240208135230.0
035 |a (RuTPU)RU\TPU\conf\10802 
035 |a RU\TPU\conf\10799 
090 |a 612671 
100 |a 20150623d2015 k y0rusy50 ca 
101 0 |a rus 
102 |a RU 
105 |a y z 101zy 
135 |a drgn ---uucaa 
181 0 |a i  
182 0 |a b 
200 1 |a Методология выявления информированных трейдеров при торговле рисковыми активами  |f Л. А. Глик, О. Л. Крицкий, А. Ю. Трифонов 
203 |a Текст  |c электронный 
225 1 |a Математическое моделирование в фундаментальных и прикладных исследованиях 
300 |a Заглавие с титульного экрана 
320 |a [Библиогр.: с. 93 (2 назв.)] 
337 |a Adobe Reader 
463 0 |0 (RuTPU)RU\TPU\conf\10637  |t Физико-технические проблемы в науке, промышленности и медицине  |o сборник тезисов докладов VII Международной научно-практической конференции, г. Томск, 3-6 июня 2015 г.  |f Национальный исследовательский Томский политехнический университет (ТПУ) ; под ред. А. Н. Дьяченко [и др.]  |v [С. 92-93]  |d 2015 
610 1 |a труды учёных ТПУ 
610 1 |a электронный ресурс 
610 1 |a методология 
610 1 |a трейдеры 
610 1 |a торговля 
610 1 |a рисковые активы 
700 1 |a Глик  |b Л. А.  |c математик  |c инженер Томского политехнического университета  |f 1991-  |g Людмила Андреевна  |3 (RuTPU)RU\TPU\pers\33921 
701 1 |a Крицкий  |b О. Л.  |c математик  |c доцент Томского политехнического университета, кандидат физико-математических наук  |f 1976-  |g Олег Леонидович  |3 (RuTPU)RU\TPU\pers\28123  |9 13081 
701 1 |a Трифонов  |b А. Ю.  |c физик, математик  |c профессор Томского политехнического университета, доктор физико-математических наук  |f 1963-  |g Андрей Юрьевич  |3 (RuTPU)RU\TPU\pers\22013 
712 0 2 |a Национальный исследовательский Томский политехнический университет (ТПУ)  |b Физико-технический институт (ФТИ)  |b Кафедра высшей математики и математической физики (ВММФ)  |3 (RuTPU)RU\TPU\col\18727 
801 2 |a RU  |b 63413507  |c 20210210  |g RCR 
856 4 |u http://earchive.tpu.ru/handle/11683/17605 
856 4 |u http://www.lib.tpu.ru/fulltext/c/2015/C49/068.pdf 
942 |c BK